000 00397pab a2200157 454500
008 180718b2009 xxu||||| |||| 00| 0 eng d
100 _aDavids, Tine
245 _aThe unhappy marriage between gender and globalisation
260 _c2009
300 _ap.905-20.
650 _aGlobalization
700 _aDriel, Francien Van
773 _aThird World Quarterly
908 _aN
909 _a83198
999 _c83198
_d83198